| 000 | 00739nam a2200229 a 4500 | ||
|---|---|---|---|
| 005 | 20210223124032.0 | ||
| 008 | 991125n 000 0 u | ||
| 035 | _aUPN01000100934 | ||
| 100 | 1 |
_aScruggs, Thomas E., _d1948- _929988 |
|
| 222 | _aJOURNAL OF LEARNING DISABILITIES | ||
| 245 | _aSpecial education for the twenty-first century : integrating learning strategies and thinking skills | ||
| 300 | _a392-398 | ||
| 362 | 0 | _a26, No. 6, 1993 | |
| 653 | 0 | _aDESTREZAS DEL PENSAMIENTO | |
| 653 | 0 | _aESTRATEGIAS DE APRENDIZAJE | |
| 653 | 0 | _aMODELOS DE ENSEĆANZA | |
| 653 | 0 | _aPROBLEMAS DE APRENDIZAJE | |
| 653 | 0 | _aPROCESOS COGNITIVOS | |
| 700 | 1 |
_aMastropieri, Margo A., _ecoaut. |
|
| 904 |
_aAC _b038745 |
||
| 905 | _aArticulo | ||
| 999 |
_c77312 _d77312 |
||